|
|
|
|
| LEADER |
00716nam a2200253 a 4500 |
| 001 |
adlib96000001 |
| 003 |
ViArRB |
| 005 |
20151026130538.0 |
| 008 |
960221s1955 dcuabcdjdbkoqu001 0deng d |
| 020 |
|
|
|
| 022 |
|
|
|
| 040 |
|
|
|a Adlib
|
| 082 |
|
|
|a 53.08
|
| 245 |
|
|
|a Laboratory experiments in college physics
|
| 250 |
|
|
|a 5th ed.
|
| 260 |
|
|
|a New York
|b John Wiley
|c 1980
|
| 300 |
|
|
|a viii, 437p., illus.
|
| 500 |
|
|
|a
|
| 100 |
|
|
|a Benard, Cicero H
|
| 700 |
|
|
|a Epp, Chirold D
|
| 942 |
|
|
|c BK
|6 _
|
| 653 |
|
|
|a experiments in college physics
|a theoretical physics
|
| 999 |
|
|
|c 7653
|d 7653
|
| 952 |
|
|
|0 0
|1 0
|4 0
|6 5308_BER
|7 0
|9 19058
|a UL
|b UL
|d 2010-06-16
|l 1
|o 53.08 BER
|p 00030735
|r 2012-10-09
|s 2012-09-11
|w 2010-06-16
|y BK
|